<?xml version="1.0" encoding="UTF-8"?>
<collection xmlns="http://www.loc.gov/MARC21/slim">
 <record>
  <leader>01880nam a2200337 a 4500</leader>
  <controlfield tag="001">14060744</controlfield>
  <controlfield tag="008">110130t20092007maua     b    001 0 eng d</controlfield>
  <datafield tag="010" ind1=" " ind2=" ">
   <subfield code="a">  2005053127</subfield>
  </datafield>
  <datafield tag="020" ind1=" " ind2=" ">
   <subfield code="a">9780070221796</subfield>
  </datafield>
  <datafield tag="020" ind1=" " ind2=" ">
   <subfield code="a">0070221790</subfield>
  </datafield>
  <datafield tag="020" ind1=" " ind2=" ">
   <subfield code="a">9780073102559 (alk. paper)</subfield>
  </datafield>
  <datafield tag="020" ind1=" " ind2=" ">
   <subfield code="a">0073102555 (alk. paper)</subfield>
  </datafield>
  <datafield tag="040" ind1=" " ind2=" ">
   <subfield code="a">DLC</subfield>
   <subfield code="c">DLC</subfield>
   <subfield code="d">BD-DhAAL</subfield>
  </datafield>
  <datafield tag="042" ind1=" " ind2=" ">
   <subfield code="a">pcc</subfield>
  </datafield>
  <datafield tag="082" ind1="0" ind2="0">
   <subfield code="a">658/.049</subfield>
   <subfield code="2">22</subfield>
  </datafield>
  <datafield tag="100" ind1="1" ind2=" ">
   <subfield code="a">Hill, Charles W. L.</subfield>
  </datafield>
  <datafield tag="245" ind1="1" ind2="0">
   <subfield code="a">International business :</subfield>
   <subfield code="b">competing in the global marketplace /</subfield>
   <subfield code="c">Charles W.L. Hill, Arun Kumar Jain</subfield>
  </datafield>
  <datafield tag="250" ind1=" " ind2=" ">
   <subfield code="a">6th ed.(special indian edition).</subfield>
  </datafield>
  <datafield tag="260" ind1=" " ind2=" ">
   <subfield code="a">Boston ;</subfield>
   <subfield code="a">New Delhi :</subfield>
   <subfield code="b">Tata McGraw-Hill/Irwin,</subfield>
   <subfield code="c">2009.</subfield>
  </datafield>
  <datafield tag="300" ind1=" " ind2=" ">
   <subfield code="a">xxv, 942 p. :</subfield>
   <subfield code="b">ill. ;</subfield>
   <subfield code="c">29 cm.</subfield>
  </datafield>
  <datafield tag="504" ind1=" " ind2=" ">
   <subfield code="a">Includes bibliographical references and index.</subfield>
  </datafield>
  <datafield tag="541" ind1="1" ind2=" ">
   <subfield code="e">00021916</subfield>
  </datafield>
  <datafield tag="650" ind1=" " ind2="0">
   <subfield code="a">International business enterprises</subfield>
   <subfield code="x">Management.</subfield>
  </datafield>
  <datafield tag="650" ind1=" " ind2="0">
   <subfield code="a">Competition, International.</subfield>
  </datafield>
  <datafield tag="700" ind1="1" ind2=" ">
   <subfield code="a">Jain, Arun Kumar</subfield>
  </datafield>
  <datafield tag="852" ind1=" " ind2=" ">
   <subfield code="a">Ayesha Abed Library </subfield>
   <subfield code="c">General Shelf.</subfield>
  </datafield>
  <datafield tag="999" ind1=" " ind2=" ">
   <subfield code="c">10421</subfield>
   <subfield code="d">10421</subfield>
  </datafield>
  <datafield tag="952" ind1=" " ind2=" ">
   <subfield code="0">0</subfield>
   <subfield code="1">2</subfield>
   <subfield code="2">ddc</subfield>
   <subfield code="4">0</subfield>
   <subfield code="6">658_049000000000000_HIL</subfield>
   <subfield code="7">0</subfield>
   <subfield code="9">14306</subfield>
   <subfield code="a">BRACUL</subfield>
   <subfield code="b">BRACUL</subfield>
   <subfield code="c">GEN</subfield>
   <subfield code="d">2011-02-02</subfield>
   <subfield code="e">Development Book Agency</subfield>
   <subfield code="g">1080.00</subfield>
   <subfield code="l">3</subfield>
   <subfield code="m">19</subfield>
   <subfield code="o">658.049 HIL</subfield>
   <subfield code="p">3010021916</subfield>
   <subfield code="q">2017-07-20</subfield>
   <subfield code="r">2012-02-07</subfield>
   <subfield code="s">2012-02-07</subfield>
   <subfield code="t">1</subfield>
   <subfield code="w">2011-02-02</subfield>
   <subfield code="y">BK</subfield>
   <subfield code="x">This book treated as a lost item due to long overdue.</subfield>
  </datafield>
  <datafield tag="952" ind1=" " ind2=" ">
   <subfield code="0">0</subfield>
   <subfield code="1">0</subfield>
   <subfield code="2">ddc</subfield>
   <subfield code="4">0</subfield>
   <subfield code="6">658_000000000000000__049_HIL</subfield>
   <subfield code="7">0</subfield>
   <subfield code="9">14307</subfield>
   <subfield code="a">BRACUL</subfield>
   <subfield code="b">BRACUL</subfield>
   <subfield code="c">GEN</subfield>
   <subfield code="d">2011-02-02</subfield>
   <subfield code="e">Development Book Agency</subfield>
   <subfield code="g">1080.00</subfield>
   <subfield code="l">15</subfield>
   <subfield code="m">85</subfield>
   <subfield code="o">658.049 HIL</subfield>
   <subfield code="p">3010021917</subfield>
   <subfield code="r">2023-03-04</subfield>
   <subfield code="s">2023-03-02</subfield>
   <subfield code="t">2</subfield>
   <subfield code="w">2011-02-02</subfield>
   <subfield code="y">BK</subfield>
  </datafield>
  <datafield tag="952" ind1=" " ind2=" ">
   <subfield code="0">0</subfield>
   <subfield code="1">0</subfield>
   <subfield code="2">ddc</subfield>
   <subfield code="4">0</subfield>
   <subfield code="6">658_049000000000000_HIL</subfield>
   <subfield code="7">0</subfield>
   <subfield code="9">14308</subfield>
   <subfield code="a">BRACUL</subfield>
   <subfield code="b">BRACUL</subfield>
   <subfield code="c">GEN</subfield>
   <subfield code="d">2011-02-02</subfield>
   <subfield code="e">Development Book Agency</subfield>
   <subfield code="g">1080.00</subfield>
   <subfield code="l">12</subfield>
   <subfield code="m">91</subfield>
   <subfield code="o">658.049 HIL</subfield>
   <subfield code="p">3010021918</subfield>
   <subfield code="r">2017-05-08</subfield>
   <subfield code="s">2017-01-10</subfield>
   <subfield code="t">3</subfield>
   <subfield code="w">2011-02-02</subfield>
   <subfield code="y">BK</subfield>
  </datafield>
  <datafield tag="952" ind1=" " ind2=" ">
   <subfield code="0">0</subfield>
   <subfield code="1">0</subfield>
   <subfield code="2">ddc</subfield>
   <subfield code="4">0</subfield>
   <subfield code="6">658_049000000000000_HIL</subfield>
   <subfield code="7">0</subfield>
   <subfield code="9">14309</subfield>
   <subfield code="a">BRACUL</subfield>
   <subfield code="b">BRACUL</subfield>
   <subfield code="c">GEN</subfield>
   <subfield code="d">2011-02-02</subfield>
   <subfield code="e">Development Book Agency</subfield>
   <subfield code="g">1080.00</subfield>
   <subfield code="l">13</subfield>
   <subfield code="m">95</subfield>
   <subfield code="o">658.049 HIL</subfield>
   <subfield code="p">3010021919</subfield>
   <subfield code="r">2015-06-24</subfield>
   <subfield code="s">2015-05-27</subfield>
   <subfield code="t">4</subfield>
   <subfield code="w">2011-02-02</subfield>
   <subfield code="y">BK</subfield>
  </datafield>
 </record>
</collection>
